000 00776nam a2200241Ia 4500
001 8642
003 GE_BSU
008 181216s||||||||xx |||||||||||||| ||und||
040 _cGE_BSU
080 _a821.353.1-1
100 _aთავდგირიძე, ხათუნა
245 _aყაყაჩოს წვეთი
245 _bლექსები
245 _cრედ.: ჯემალ სურმანიძე; მხატვ.:რედ.: გურამ გუჯაბიძე
260 _aბათუმი
260 _bგამ–ბა აჭარა
260 _c1998
300 _a43 გვ; 13 სმ.
541 _h2 ლ.
653 _aლექსები
653 _aყაყაჩოს წვეთი
942 _cBK
999 _c41958
_d41958